000 00315nam a22001337a 4500
008 190129b xxu||||| |||| 00| 0 eng d
020 _a9780761987659
041 _aeng
080 _22nd
_a331.101.262
100 _a52
101 _aBNJ
245 _aDimensions of Human Behavior
_cHutchison,E.D
942 _2udc
_cBK
999 _c53855
_d53855